01090 2200313 4500001002100000005001500021035002000036007000300056008003800059336002100097337002300118338003800141040002200179245009000201300003200291020002200323082001500345084001800360264008400378500006900462650002400531850001200555856007500567852002000642700002600662100004400688990002200732990002200754INLIS00000000087434520220928025225 a0010-0922001873ta210705s jkia gs ind d 2rdacontentateks 2rdamediaakomputer 2rdacarrierasumber sambung jaring aYOPDYOGbinderda10a198 kisah haji wali-wali Allah /cAbdurrahman Ahmad As-Sirbuny; penyunting, Raviyanto a1 berkas komputer (37,4 MB) a978-602-03-0485-404223a297.18 a297.18 ABD s31aJakarta :bGramedia Widiasarana Indonesia,ctahun terbit tidak teridentifikasii aUntuk mengakses buku ini silakan unduh aplikasi http://ijogja.id 4aCerita-cerita Islam aYOPDYOG nPerpustakaan Digital iJogjauhttp://iJogja.id/publications/books/14245 aaplikasi iJogja0 aRaviyantoepenyunting0 aAbdurrahman Ahmad As-Sirbunyepengarang a002541-EPD/B.2016 a002542-EPD/B.2016